ՀՀ Գիտությունների ազգային ակադեմիայի հիմնարար գիտական գրադարան  =   Fundamental Scientific Library of NAS RA

Строительные материалы : (Record no. 138796)

MARC details
000 -LEADER
fixed length control field 00788nam a2200217 u 4500
001 - CONTROL NUMBER
control field 000362754
003 - CONTROL NUMBER IDENTIFIER
control field AM-YeHGA
005 - DATE AND TIME OF LATEST TRANSACTION
control field 20250617131627.0
008 - FIXED-LENGTH DATA ELEMENTS--GENERAL INFORMATION
fixed length control field 040922s1971 ||| r 000 0 rus d
040 ## - CATALOGING SOURCE
Original cataloging agency AM-YeHGA
041 0# - LANGUAGE CODE
Language code of text/sound track or separate title rus
090 ## - LOCALLY ASSIGNED LC-TYPE CALL NUMBER (OCLC); LOCAL CALL NUMBER (RLIN)
-- 140173
100 1# - MAIN ENTRY--PERSONAL NAME
Personal name Воробьев, Василий Александрович.
245 10 - TITLE STATEMENT
Title Строительные материалы :
Remainder of title Учебник для вузов /
Statement of responsibility, etc. В.А. Воробьев, А.Г. Комар.
260 ## - PUBLICATION, DISTRIBUTION, ETC.
Place of publication, distribution, etc. Москва :
Name of publisher, distributor, etc. Стройиздат,
Date of publication, distribution, etc. 1971.
300 ## - PHYSICAL DESCRIPTION
Extent 496 с. :
Other physical details рис., табл.
500 ## - GENERAL NOTE
General note Предмет. указ.: 488 - 490
504 ## - BIBLIOGRAPHY, ETC. NOTE
Bibliography, etc. note Библиогр.: с. 486 - 487
650 14 - SUBJECT ADDED ENTRY--TOPICAL TERM
Topical term or geographic name entry element Стройматериалы
700 1# - ADDED ENTRY--PERSONAL NAME
Personal name Комар, Алексей Георгиевич
Holdings
Withdrawn status Lost status Damaged status Not for loan Collection Home library Current library Date acquired Total checkouts Full call number Barcode Date last seen Price effective from Koha item type Public note
        General Fundamental Scientific Library Fundamental Scientific Library 22/12/2016   PIII/32896 FL0368583 22/12/2016 22/12/2016 Գրքեր / Books 30 Days Loan


ՀՀ ԳԱԱ հիմնարար գիտական գրադարան
ՀՀ,Երևան 0019
Մարշալ Բաղրամյան 24/6
հեռախոս:(374-10) 52-47-50
Հետադարձ կապ

All site content, except where otherwise noted, is licensed under a
Creative Commons License